The LPC design guide for the fire protection of buildings (Record no. 85448)

MARC details
000 -LEADER
fixed length control field 01044cam a22002175a 4500
001 - CONTROL NUMBER
control field L139921
008 - FIXED-LENGTH DATA ELEMENTS--GENERAL INFORMATION
fixed length control field 070820s1999 xxk f 000 0 eng d
020 ## - INTERNATIONAL STANDARD BOOK NUMBER
International Standard Book Number 1902790022
035 ## - SYSTEM CONTROL NUMBER
System control number (Sirsi) u139921
041 0# - LANGUAGE CODE
Language code of text/sound track or separate title eng
050 04 - LIBRARY OF CONGRESS CALL NUMBER
Classification number 693.82 $2 18
110 2# - MAIN ENTRY--CORPORATE NAME
Corporate name or jurisdiction name as entry element Loss Prevention Council
9 (RLIN) 1863
245 04 - TITLE STATEMENT
Title The LPC design guide for the fire protection of buildings
Medium [electronic resource]
260 ## - PUBLICATION, DISTRIBUTION, ETC.
Place of publication, distribution, etc. London
Name of publisher, distributor, etc. Fire Protection Assoication
Date of publication, distribution, etc. 1999
300 ## - PHYSICAL DESCRIPTION
Extent 1
Type of unit CD-ROM
505 2# - FORMATTED CONTENTS NOTE
Formatted contents note Introduction -- General principles -- Compartmentation -- Protection of openings and services -- External fire exposure -- Construction design and data standards -- Special risks -- Case studies
520 ## - SUMMARY, ETC.
Summary, etc. Provides guidance on the principles of passive fire protection in connection with risk management. Extends beyond innsurance considerations and presents wide-ranging recommendations for the fire protection of industrial and commercial buildings.
651 #4 - SUBJECT ADDED ENTRY--GEOGRAPHIC NAME
Geographic name United Kingdom
Chronological subdivision
690 ## - LOCAL SUBJECT ADDED ENTRY--TOPICAL TERM (OCLC, RLIN)
Topical term or geographic name as entry element MANAGEMENT-HEALTH AND SAFETY-FIRE SAFETY
942 ## - ADDED ENTRY ELEMENTS (KOHA)
Suppress in OPAC 0
Holdings
Withdrawn status Lost status Source of classification or shelving scheme Damaged status Not for loan Home library Current library Shelving location Date acquired Total Checkouts Full call number Barcode Date last seen Copy number Price effective from Koha item type
    Dewey Decimal Classification     London London Enquiry desk 20/08/2007   CD-ROM BOX 30071089 06/08/2019 1 06/08/2019 Book